Elementos de máquinas
Tallennettuna:
| Aineistotyyppi: | Kirja |
|---|---|
| Kieli: | espanja |
| Julkaistu: |
Barcelona
Ceac
1978
|
| Sarja: | Enciclopedia Ceac del Delineante
|
| Aiheet: | |
| Tagit: |
Lisää tagi
Ei tageja, Lisää ensimmäinen tagi!
|
MARC
| LEADER | 00000nam a2200000 a 4500 | ||
|---|---|---|---|
| 001 | UCP2328 | ||
| 003 | CL-VaPUC | ||
| 008 | 990514e19780000SP |||||||||||||||||spa|d | ||
| 082 | 0 | 4 | |a 621.82 |b ELE |2 21 |
| 245 | 1 | 0 | |a Elementos de máquinas |
| 300 | |a 349 p | ||
| 942 | |c BK | ||
| 945 | |d 19990514 00:00:00 |a cmena | ||
| 260 | |a Barcelona |b Ceac |c 1978 | ||
| 650 | 7 | |a ELEMENTOS DE MAQUINAS |2 CL-VaPUC |9 428994 | |
| 650 | 0 | |a Diseño industrial |9 262726 | |
| 650 | 0 | |a Máquinas herramientas |9 262583 | |
| 650 | 7 | |a DIBUJO TECNICO |2 CL-VaPUC |9 428995 | |
| 583 | |a last modification |c 19990514 00:00:00 |k Rodrigo Vera | ||
| 490 | 0 | |a Enciclopedia Ceac del Delineante | |
| 999 | |c 280879 |d 280877 | ||